<?xml version="1.0" encoding="UTF-8"?>
<record
    xmlns:xsi="http://www.w3.org/2001/XMLSchema-instance"
    xsi:schemaLocation="http://www.loc.gov/MARC21/slim http://www.loc.gov/standards/marcxml/schema/MARC21slim.xsd"
    xmlns="http://www.loc.gov/MARC21/slim">

  <leader>00281nam a2200109Ia 4500</leader>
  <controlfield tag="001">588704</controlfield>
  <controlfield tag="005">20250717120836.0</controlfield>
  <controlfield tag="008">250717s9999    xx            000 0 und d</controlfield>
  <datafield tag="245" ind1=" " ind2="0">
    <subfield code="a">Y-5 SORULARLA SEL&#xC7;UKLU TAR&#x130;H&#x130;</subfield>
    <subfield code="c">AYDIN USTA</subfield>
  </datafield>
  <datafield tag="260" ind1=" " ind2=" ">
    <subfield code="b">YED&#x130;TEPE YAYINLARI</subfield>
    <subfield code="c">2020</subfield>
  </datafield>
  <datafield tag="300" ind1=" " ind2=" ">
    <subfield code="b">256</subfield>
  </datafield>
  <datafield tag="999" ind1=" " ind2=" ">
    <subfield code="c">588704</subfield>
    <subfield code="d">588704</subfield>
  </datafield>
</record>
